| 000 | 00425cam a2200181ua 4500 | ||
|---|---|---|---|
| 020 | _c120.00 | ||
| 041 |
_aeng _h |
||
| 082 |
_a551.5 _bJAI/EN |
||
| 100 | _aJain, R K . | ||
| 245 |
_aEngineering metrology / _cR K Jain. _hTextual Documents |
||
| 250 |
_a1 / _b. |
||
| 260 |
_aDelhi : _bKhanna publishers , _c1994. |
||
| 300 | _a1392 ; . | ||
| 365 | _a120.00 | ||
| 504 | _a | ||
| 942 | _cBK | ||
| 999 |
_c3155 _d3155 |
||